[Event "N3-Creon vs Auch"]
[Site "?"]
[Date "2010.12.12"]
[Round "4"]
[White "Le Gallen, Luc"]
[Black "Bert, Jérôme"]
[Result "0-1"]
[WhiteElo "1997"]
[BlackElo "2074"]
[Annotator ""]
[Source ""]
[Remark ""]

1.d4 Nf6 2.Nf3 g6 3.c4 Bg7 4.Nc3 O-O 5.Bg5 h6 6.Bh4 c5 7.e3 b6 8.Be2 Bb7 
9.d5 d6 10.Qc2 Na6 11.Rd1 Nc7 12.O-O a6 13.a4 b5 14.axb5 axb5 15.Nxb5 Nxb5
16.cxb5 Nxd5 17.Qe4 Qc7 18.Qb1 Nb4 19.Ne1 Ra2 20.Rd2 Rfa8 21.Nd3 Be4 22.
Qc1 Bxd3 23.Bxd3 Nxd3 24.Rxd3 Rxb2 25.Qc4 Rb4 26.Qd5 Rb8 27.Bg3 R8xb5 28.
Ra3 Rb8 29.h4 c4 0-1

[Event "N3-Creon vs Auch"]
[Site "?"]
[Date "2010.12.12"]
[Round "4"]
[White "Chabrol, Thierry"]
[Black "Devecchi, Jorge"]
[Result "1/2-1/2"]
[WhiteElo "2113"]
[BlackElo "1940"]
[Annotator ""]
[Source ""]
[Remark ""]

1.e4 d5 2.exd5 Qxd5 3.Nc3 Qa5 4.d4 Nc6 5.d5 Nb4 6.a3 Bg4 7.Bb5+ Qxb5 8.
Nxb5 Bxd1 9.axb4 O-O-O 10.Nxa7+ Kb8 11.Kxd1 Rxd5+ 12.Ke2 e5 13.Bd2 Nf6 14.
Nf3 e4 15.Ne1 Ng4 16.c4 Rf5 17.f3 exf3+ 18.gxf3 Ne5 19.Nb5 Nxc4 20.Nd4 
Re5+ 21.Kd3 Nxd2 22.Kxd2 Bxb4+ 23.Kc2 Rd5 24.Rd1 Rhd8 25.Nd3 Rxd4 26.Nxb4 
Rxd1 27.Rxd1 Rxd1 28.Kxd1 c6 29.Kd2 Kc7 30.Kc3 Kd6 31.Kc4 b5+ 32.Kd3 c5 
33.Nc2 Kd5 34.Na3 c4+ 35.Kc3 Kc5 36.Nc2 g5 37.Nb4 f5 38.Na6+ Kb6 39.Nb4 
Kc5 40.Na6+ Kb6 41.Nb8 Kc7 42.Kb4 Kxb8 43.Kxb5 h5 44.Kxc4 g4 45.Kd3 h4 46.
Ke2 Kc7 1/2-1/2

[Event "N3-Creon vs Auch"]
[Site "?"]
[Date "2010.12.12"]
[Round "4"]
[White "Golic, Nadil"]
[Black "Jaureguiberry, Cedric"]
[Result "1/2-1/2"]
[WhiteElo "1960"]
[BlackElo "2156"]
[Annotator ""]
[Source ""]
[Remark ""]

1.d4 Nf6 2.c4 g6 3.Nc3 Bg7 4.Nf3 O-O 5.e4 d6 6.Be2 e5 7.O-O Nc6 8.d5 Ne7 
9.Rb1 a5 10.Be3 Ng4 11.Bg5 f5 12.Nd2 Bf6 13.Bxf6 Nxf6 14.f4 Nd7 15.fxe5 
Nxe5 16.Nf3 Nxf3+ 17.Bxf3 f4 18.Bg4 g5 19.g3 Ng6 20.b3 Qe7 21.Bxc8 Raxc8 
22.Qg4 Ne5 23.Qe6+ Qxe6 1/2-1/2

[Event "N3-Creon vs Auch"]
[Site "?"]
[Date "2010.12.12"]
[Round "4"]
[White "De Barros, Frédéric"]
[Black "Levieux, Pascal"]
[Result "1-0"]
[WhiteElo "2107"]
[BlackElo "2095"]
[Annotator ""]
[Source ""]
[Remark ""]

1.e4 Nf6 2.e5 Nd5 3.d4 d6 4.Nf3 g6 5.Bc4 Nb6 6.Bb3 Bg7 7.O-O O-O 8.a4 a5 
9.Re1 Nc6 10.exd6 cxd6 11.c3 Bg4 12.Nbd2 e5 13.h3 Bf5 14.Nf1 Qc7 15.Ng3 
Bd7 16.Be3 h6 17.dxe5 dxe5 18.Bc5 Rfe8 19.Bxb6 Qxb6 20.Bxf7+ Kxf7 21.Qxd7+
Re7 22.Qd5+ Kf8 23.Nh4 Nd8 24.Rad1 Nf7 25.Ne4 Rd8 26.Qc5 Qe6 27.Rxd8+ Nxd8
28.Rd1 Nf7 29.Nd6 Kg8 30.Nxf7 Qxf7 31.Nxg6 Rd7 32.Rxd7 Qxd7 33.Qd5+ Qxd5 
34.Ne7+ Kf7 35.Nxd5 Ke6 36.Ne3 Bf8 37.Kf1 Kd6 38.Ke2 Kc5 39.Kd3 b5 40.axb5
Kxb5 41.b3 Kc5 42.Ke4 Kb5 43.g4 Kc5 44.Nf5 a4 45.bxa4 Kc4 46.Kxe5 Kxc3 47.
a5 Kb4 48.a6 Bc5 49.f4 Ka5 50.Nxh6 Kxa6 51.g5 1-0

[Event "Nationale III"]
[Site "Castelsarrasin"]
[Date "2010.12.12"]
[Round "4"]
[White "Morand, Esther"]
[Black "Locatelli, Claude"]
[Result "1-0"]
[WhiteElo "1575"]
[BlackElo "1629"]

1.d4 f5 2.Nf3 Nf6 3.c4 g6 4.e3 Bg7 5.Be2 O-O 6.Nbd2 d6 7.O-O e6 8.b4 Re8 
9.Bb2 Nbd7 10.Qb3 Ne4 11.Nxe4 fxe4 12.Nd2 Nf6 13.f3 d5 14.cxd5 exd5 15.
fxe4 Nxe4 16.Nxe4 Rxe4 17.Bf3 Bf5 18.Bxe4 Bxe4 19.Rf4 Kh8 20.Raf1 Qg5 21.
R1f2 c6 22.Qd1 Bf5 23.Qf3 Qe7 24.a3 Bh6 25.Rxf5 gxf5 26.Bc3 Rf8 27.Qh3 Qe6
28.Rf3 Rf7 29.Bd2 Qf6 30.Be1 Qe6 31.Bg3 Bg7 32.Bf4 b6 33.Rg3 $2 
    ( {[Houdini 1.03a w32 2_CPU] 19:+0.33} 33.Qh5 Re7 34.a4 Qe4 35.h3 Qe6 
    36.Rf2 Re8 37.Rc2 Bf8 38.Qg5 Be7 39.Qg3 a6 40.Qe1 Rg8 41.Qc3 Rg6 42.
    Bc7 b5 43.Be5+ Kg8 )
33...Bxd4 34.Qh5 Bb2 35.a4 Bc3 36.b5 c5 37.Qh4 d4 $4 
    ( {[Houdini 1.03a w32 2_CPU] 67:M3} 37...d4 38.Qd8+ Rf8 39.Qxf8+ Qg8 
    40.Rxg8# )
38.Qd8+ 1-0

[Event "Nationale III"]
[Site "Castelsarrasin"]
[Date "2010.12.12"]
[Round "4"]
[White "Arenes, Muriel"]
[Black "Rivière, Frédéric"]
[Result "0-1"]
[WhiteElo "1770"]
[BlackElo "1800"]

1.e4 e5 2.Bc4 Nc6 3.Nf3 Bc5 4.O-O Nf6 5.d3 O-O 6.Bg5 h6 7.Bh4 d6 8.c3 Na5 
9.Bb5 a6 10.Ba4 Ba7 11.Nbd2 b5 12.Bc2 c5 13.a4 Nc6 14.h3 Be6 15.Nh2 g5 16.
Bg3 $10 Qe7 17.Kh1 Kg7 $10 18.f3 b4 19.Nc4 Rab8 $10 20.Ng4 Nh5 21.Bf2 Nf4 
22.Nce3 $6 
    ( {[Houdini 1.03a w32 2_CPU] 18:-0.70} 22.Nce3 h5 23.Nh2 bxc3 24.bxc3 
    c4 25.dxc4 Na5 26.Nd5 Bxd5 27.cxd5 Rfc8 28.Bd3 Rxc3 29.Bxa6 Bxf2 30.
    Rxf2 Qa7 31.Qe1 Nc4 32.Bxc4 Rxc4 33.Qd2 Rxa4 34.Rxa4 Qxa4 35.Nf1 Qd4 )
22...bxc3 23.bxc3 Qd7 24.Qd2 Rb2 25.Rfb1 Rfb8 26.Rxb2 Rxb2 27.Rb1 Rxb1+ 
28.Bxb1 h5 29.Nh2 Ne7 30.Nef1 $2 
    ( {[Houdini 1.03a w32 2_CPU] 19:-0.41} 30.Bc2 d5 31.exd5 Nexd5 32.Nxd5
    Qxd5 33.c4 Qd8 34.Nf1 h4 35.Ne3 f6 36.Kg1 Bb6 37.Be1 Qd7 38.Bf2 Bc7 
    39.Nf1 Bb6 40.Ne3 Bc7 )
30...Qxa4 31.Ng3 $2 
    ( {[Houdini 1.03a w32 2_CPU] 18:-1.92} 31.Qb2 a5 32.Bc2 Qa2 33.Qxa2 
    Bxa2 34.Ne3 d5 35.exd5 Nexd5 36.Nd1 Ne2 37.Nf1 Ndxc3 38.Nxc3 Nxc3 39.
    Be1 Nd5 40.Bxa5 h4 41.Kh2 Nb4 42.Ne3 f6 43.g4 hxg3+ 44.Kxg3 Nxc2 45.
    Nxc2 Bb8 46.Kf2 Be6 47.Bb6 )
31...Qb3 32.Bc2 Qb2 33.c4 f6 34.Ngf1 Bb6 35.Qd1 Ba5 36.Be3 Nc6 37.Bxf4 
exf4 38.Ba4 Nd4 39.Be8 Kh6 40.Qa4 Qb4 41.Qd1 Bc7 42.g4 h4 43.Qa1 a5 44.Bb5
Kg7 45.Ba4 Kf7 46.Qd1 Ke7 47.Kg2 Bd7 48.Bc2 a4 49.Bb1 Ba5 50.Ba2 Qb2+ 0-1

[Event "Nationale III"]
[Site "Castelsarrasin"]
[Date "2010.12.12"]
[Round "4"]
[White "Roques, Olivier"]
[Black "Teisserenc, Pierre"]
[Result "1-0"]
[WhiteElo "1862"]
[BlackElo "1866"]

1.c4 Nf6 2.Nc3 g6 3.Nf3 Bg7 4.g3 d6 5.Bg2 c6 6.d3 Nbd7 7.Rb1 O-O 8.O-O Rb8
9.b4 Qc7 10.h3 e5 11.Bd2 Re8 12.a4 Nf8 13.Be3 Ra8 14.Nd2 Be6 15.Nb3 Qd7 
16.Kh2 Nh5 17.b5 f5 18.Bd2 Rac8 19.Na5 Kh8 20.bxc6 bxc6 21.Rb7 Qd8 22.Nxc6
Rxc6 23.Bxc6 Qc8 24.Bg2 f4 25.Nb5 Qd8 26.Qb3 Qg5 27.Be1 Rd8 28.Nc7 Bc8 29.
Rb8 Bh6 30.Nd5 Ne6 31.h4 Qg4 32.Bf3 Qf5 33.Ne7 Qf8 34.Rxc8 Rxc8 35.Nxc8 
Qxc8 36.Qb7 Qd8 37.Qxa7 Nxg3 38.fxg3 fxg3+ 39.Bxg3 Bf4 40.Qa8 1-0

[Event "Nationale III"]
[Site "Castelsarrasin"]
[Date "2010.12.12"]
[Round "4"]
[White "Lucas, Julien"]
[Black "Grezels, Florian"]
[Result "0-1"]
[WhiteElo "1979"]
[BlackElo "1869"]

1.d4 d5 2.c4 c6 3.Nc3 Nf6 4.Nf3 a6 5.a4 e6 6.Ne5 Be7 7.Bf4 a5 8.e3 O-O 9.
Bd3 Na6 10.Rc1 Nb4 11.Bb1 dxc4 12.Nxc4 Nbd5 13.Bg3 Nxc3 14.bxc3 b5 15.Ne5 
Bb7 16.Bh4 b4 17.cxb4 Bxb4+ 18.Kf1 Be7 19.Nxc6 Bxc6 20.Rxc6 Nd5 21.Bxe7 
Qxe7 22.Rc5 g6 23.Ke2 $2 {Houdini 1.03a : -1.76} 
    ( {[Houdini 1.03a w32 2_CPU] 20:+0.11} 23.Qc2 Rab8 24.Ke2 Qg5 25.g3 
    Qh5+ 26.f3 Qh6 27.f4 Qh3 28.Kf3 Rb4 29.Rb5 Rb8 30.Rxb8+ Rxb8 31.Re1 
    Nf6 32.Ba2 Ng4 33.Rh1 Rb4 34.d5 e5 35.Bc4 exf4 36.exf4 )
23...Qxc5 24.dxc5 Nc3+ 25.Kf3 Nxd1 26.Rxd1 Rac8 27.Rc1 Rfd8 28.Be4 Rc7 29.
Ke2 f5 30.Bf3 e5 31.g4 e4 32.Bg2 Rdc8 33.gxf5 gxf5 34.f3 exf3+ 35.Bxf3 
Rxc5 36.Rg1+ Kf7 37.Bb7 R8c7 38.Ba6 Rc2+ 39.Kf3 Rxh2 40.Rd1 Rhc2 41.Bd3 
R2c5 42.Rh1 Kf6 43.Rh6+ Kg5 44.Ra6 Re5 45.Bb5 Rce7 46.Rxa5 Rxe3+ 47.Kf2 h5
48.Ra8 h4 49.a5 Rb3 50.Bc6 Rc7 51.Bf3 Rc2+ 52.Be2 Rbb2 53.Re8 Ra2 0-1

[Event "Nationale III"]
[Site "Castelsarrasin"]
[Date "2010.12.12"]
[Round "4"]
[White "Ramahef, Eric"]
[Black "Chauve, Jean-Christophe"]
[Result "1-0"]
[WhiteElo "2080"]
[BlackElo "1963"]

1.e4 e5 2.Nf3 Nc6 3.Bb5 a6 4.Ba4 Nf6 5.O-O Bc5 6.c3 b5 7.Bc2 d6 8.h3 Bb7 
9.Re1 Bb6 10.a4 h6 11.d3 O-O 12.Nbd2 Ne7 13.Nf1 Nd7 14.g4 Ng6 15.Ng3 Nh4 
16.Nf5 Nxf5 17.gxf5 Kh7 18.d4 Qf6 19.Qd2 Rae8 20.b4 g5 21.Nh2 Qg7 22.d5 
Rd8 23.Qe2 a5 24.Qxb5 Nb8 25.Qe2 c6 26.dxc6 
    ( {[Houdini 1.03a w32 2_CPU] 20:+2.01} 26.dxc6 Bxc6 27.b5 Be8 28.Ba3 
    f6 29.Red1 Qc7 30.Qd3 Bc5 31.Bxc5 Qxc5 32.Bb3 Bf7 33.Bxf7 Rxf7 34.Qf3 
    Kh8 35.Rd5 Qc4 36.Qd3 Qxd3 37.Rxd3 Kg7 38.Rad1 Rc8 39.Kg2 h5 40.Rxd6 
    Rxc3 )
26...Nxc6 27.b5 Ne7 28.c4 Bd4 29.Ra3 Nc8 30.Bd2 Nb6 31.Bxa5 Rc8 32.Bxb6 
Bxb6 33.a5 Bc5 34.Rg3 Ra8 35.a6 Bc8 36.Qh5 f6 37.Qe2 Bd7 38.Rd1 Rfb8 39.
Nf1 Be8 40.Nd2 Bf7 41.Ra1 Qg8 42.Ra4 Rc8 43.Kg2 Bb6 44.Bb3 Bd4 45.Nb1 Ra7 
46.Na3 Qe8 47.Nc2 Bc5 48.Nb4 Rac7 49.Nc6 Rxc6 50.bxc6 Qxc6 51.Rd3 Ba7 52.
Rd2 
    ( {[Houdini 1.03a w32 2_CPU] 19:+4.19} 52.c5 Bxb3 53.Rb4 Bf7 54.Rb7 
    Rc7 55.Rxc7 Qxc7 56.cxd6 Qc4 57.d7 Bb6 58.Rd2 Qc6 59.h4 Ba5 60.hxg5 
    fxg5 61.d8=Q Bxd8 62.Rxd8 Bc4 63.Rd6 Qxa6 64.Rxa6 Bxe2 65.Re6 Kg7 66.
    Rxe5 Kf7 67.Re6 h5 68.Rh6 Bd3 69.e5 h4 70.f3 Ke8 71.Rh8+ Kd7 72.Rh7+ 
    Ke8 73.Rh8+ Kd7 )
52...Rb8 53.Qd3 Bc5 54.Bd1 h5 55.f3 Qb6 56.Rda2 Qb1 57.Qe2 Ra8 58.Rb2 Rb8 
59.Rxb8 Qxb8 60.Ra2 Bd4 61.Ba4 Qb1 62.Bd1 Qc1 63.Rc2 Qa3 64.Ra2 Qc1 65.a7 
Bxc4 66.Rc2 Qa3 67.Qxc4 Bxa7 68.Qf7+ 1-0

[Event "Nationale III"]
[Site "Castelsarrasin"]
[Date "2010.12.12"]
[Round "4"]
[White "Sudupe, Frédéric"]
[Black "Gregory, Daniel"]
[Result "0-1"]
[WhiteElo "1950"]
[BlackElo "2058"]

1.d4 Nf6 2.Nc3 d5 3.Bg5 c6 4.e3 Qb6 5.Rb1 Bg4 
    ( 5...Ne4 6.Nxe4 dxe4 7.Qd2 Bf5 8.Bc4 h6 9.Bf4 Nd7 10.Ne2 e6 11.O-O a5
    12.c3 Be7 13.Qc2 g5 14.Bg3 h5 15.h3 h4 16.Bh2 Rg8 17.Kh1 Qd8 18.Ng1 
    Nf6 19.Be5 Bd6 20.Bxf6 Qxf6 {0-1(36) Guseinov, Aldyn - Gulko, Boris / 
    ? (?), Tallinn 1983} )
6.f3 Bf5 7.Bd3 Bxd3 8.Qxd3 Nbd7 9.f4 e6 10.Nf3 Bd6 11.O-O O-O 12.Ne5 c5 
13.Kh1 Rac8 14.Rf3 Rfe8 15.Rh3 g6 16.Rf3 Rc7 17.Qb5 Bf8 18.Qxb6 axb6 19.
Bxf6 Nxf6 20.Rc1 Ra8 21.g4 Ra5 22.g5 Ne8 23.a3 Nd6 24.Ne2 cxd4 25.exd4 Nc4
26.Nxc4 Rxc4 27.Rc3 $10 b5 28.Rxc4 bxc4 29.c3 Bd6 30.Kg2 Kg7 31.Kf3 h6 32.
h4 hxg5 33.hxg5 Rb5 34.Rc2 Ra5 35.Ng3 Ra8 36.Rh2 Rf8 37.Kg4 f6 38.Ne2 fxg5
39.Kxg5 Rf5+ 40.Kg4 g5 41.Rf2 Kg6 42.Rf3 Bc7 43.Re3 Kf6 44.fxg5+ Rxg5+ 45.
Kf3 Rf5+ $10 46.Kg2 Ke7 47.Rf3 Rg5+ 48.Kf2 Rh5 49.Kg2 Rh2+ 50.Kf1 Rh1+ 51.
Ng1 Rh2 52.Ne2 Bd6 53.Rf2 Rh1+ 54.Kg2 Re1 55.Kf3 Kd7 56.Rg2 Rb1 57.Ng3 Kc6
58.Re2 $2 {Houdini 1.03a : -2.20} 
    ( {[Houdini 1.03a w32 2_CPU] 22:-0.13} 58.Nh5 e5 59.dxe5 Bxe5 60.Rg6+ 
    Kc5 61.Rg5 Kd6 62.Rg6+ Kd7 63.Rg2 Rf1+ 64.Ke3 Kc6 65.Rg6+ Kc5 66.Rg5 
    Bd6 67.a4 Re1+ 68.Kf3 Ra1 69.Ng7 Be7 70.Re5 Rf1+ 71.Ke3 Re1+ 72.Kf4 )
58...Rg1 59.Rg2 Rxg2 60.Kxg2 Kb5 61.Kf3 Ka4 62.Ne4 dxe4+ 63.Kxe4 Kb3 0-1

[Event "Nationale III"]
[Site "Castelsarrasin"]
[Date "2010.12.12"]
[Round "4"]
[White "Lacroix, Romain"]
[Black "Ballarin, Christophe"]
[Result "1-0"]
[WhiteElo "2169"]
[BlackElo "2048"]

1.e4 d5 2.exd5 Qxd5 3.Nc3 Qd6 4.d4 Nf6 5.Be3 a6 6.Qd2 e6 
    ( 6...b5 7.f3 Bb7 8.Bd3 Nbd7 9.Nge2 e6 10.Ne4 Nxe4 11.fxe4 c5 12.c3 
    Be7 13.O-O O-O 14.Rad1 cxd4 15.cxd4 e5 16.Bc2 Rad8 17.Ng3 g6 18.Kh1 
    exd4 19.Bxd4 Ne5 20.Qh6 f6 {1-0(36) Wedberg, T. - Fries Nielsen, JO. /
    ? (9), ? 2003} )
7.Nf3 b5 8.Bd3 Bb7 9.Ng5 Nbd7 10.Nge4 Nxe4 11.Nxe4 Qd5 12.f3 Be7 13.a4 b4 
14.O-O Qh5 15.Ng3 Qh4 16.Be4 c6 17.Bd3 Bd6 18.f4 
    ( {[Houdini 1.03a w32 2_CPU] 20:+0.92} 18.Bxa6 $5 Bxa6 19.Bg5 Bxg3 20.
    Bxh4 Bxh4 21.Qxb4 Be7 22.Qc3 c5 23.Rfd1 cxd4 24.Rxd4 Bf6 25.Qd2 Ne5 
    26.Rd1 Nc4 27.Qc3 O-O 28.b3 Bxd4+ 29.Qxd4 Na5 30.Qd7 Be2 31.Rd2 Ba6 
    32.Qc7 )
18...f5 19.Rfe1 O-O 20.Bc4 Rae8 21.Bf2 Qh6 $2 22.Re2 
    ( {[Houdini 1.03a w32 2_CPU] 19:+2.24} 22.Rxe6 Rxe6 23.Re1 Nb6 24.Rxe6
    Nxc4 25.Qe2 Qxf4 26.Qxc4 Kh8 27.Be3 Qg4 28.Rxd6 f4 29.Qf1 Kg8 30.Bxf4 
    Qxf4 31.Qxf4 Rxf4 32.a5 g6 33.Rd7 Rf7 34.Rxf7 Kxf7 35.Ne4 Ke7 36.Kf2 
    Bc8 37.Ke3 Ke6 38.Ng5+ Kd5 39.Nxh7 Kc4 40.Ng5 b3 41.c3 Kb5 42.Ne4 Kxa5
    43.Nc5 )
22...Nb6 23.Bb3 Nd5 24.Bxd5 cxd5 25.Rae1 Bc8 26.Be3 Re7 27.Rf2 a5 28.Ne2 
Ba6 29.Nc1 Qh5 30.Nb3 Qe8 31.Ra1 Qd8 32.Nc5 Bxc5 33.dxc5 e5 34.fxe5 Rxe5 
35.Bf4 Re6 36.Bd6 Rfe8 37.Qxd5 Kh8 38.h3 Qc8 39.Qxf5 h6 $18 {+2} 40.Kh2 
Qc6 41.Qg4 Bc8 42.Rf7 Rg8 43.Qg3 Qe4 44.Qd3 Qa8 45.Rd1 Bb7 46.Rd2 Be4 47.
Qd4 Rg6 48.Rff2 Kh7 49.Rde2 Bb7 50.Qe5 Bc6 51.Qf5 Re8 52.h4 Rxe2 $4 
    ( {[Houdini 1.03a w32 2_CPU] 20:+2.06} 52...Be4 53.Qd7 Rd8 54.Qf7 Re8 
    55.Re3 Rc8 56.Rg3 Rxg3 57.Kxg3 Bg6 58.Qf3 Be4 59.Qg4 Qb7 60.Kh2 Rg8 
    61.b3 Re8 62.h5 Qd5 63.Kh1 Rg8 64.Rf8 Bxc2 )
53.Rxe2 h5 54.Re6 Be8 55.Qxh5+ Rh6 56.Qxe8 1-0

[Event "Nationale III"]
[Site "Castelsarrasin"]
[Date "2010.12.12"]
[Round "4"]
[White "Lelimousin, Vincent"]
[Black "Entem, Alan"]
[Result "1-0"]
[WhiteElo "2173"]
[BlackElo "2141"]

1.e4 c5 2.Nc3 Nc6 3.g3 g6 4.Bg2 Bg7 5.d3 d6 6.Be3 Rb8 7.Qd2 b5 8.f4 Bd7 9.
Nf3 Nf6 10.h3 O-O 11.O-O b4 
    ( 11...c4 12.Qf2 b4 13.Ne2 b3 14.axb3 cxd3 15.cxd3 a5 16.Rfc1 Nb4 17.
    Ne1 e5 18.d4 d5 19.exd5 e4 20.Rc5 Nfxd5 {1/2-1/2(41) Strobel, 
    Ferdinand - Weill, Roland / ? (4), Ybbs 1968} )
12.Ne2 a5 13.Rab1 a4 14.g4 Qa5 15.Qc1 Rfc8 16.b3 Na7 17.f5 Nb5 18.Bh6 axb3
19.axb3 Bh8 20.fxg6 hxg6 21.Qg5 Be8 22.e5 dxe5 23.Nxe5 Qc7 $4 
    ( 23...Qd8 $18 {+1} )
24.Qf4 
    ( {[Houdini 1.03a w32 2_CPU] 17:+4.49} 24.Nxg6 fxg6 25.Bd5+ e6 26.
    Bxe6+ Kh7 27.Qh4 Nh5 28.gxh5 gxh5 29.Bf4 Qb6 30.Bf5+ Kg8 31.Qe7 Bg7 
    32.Bxc8 Rxc8 33.Be5 Qg6+ 34.Kh2 Bxe5+ 35.Qxe5 Qd6 36.Qxd6 Nxd6 37.Rf6 
    Nb5 38.Rg1+ Kh7 39.Rf8 Nd4 40.Rgg8 Nxe2 41.Rxe8 Rxe8 42.Rxe8 Nd4 43.
    Rc8 Nxc2 44.Rxc5 Nd4 45.Rc4 Nxb3 46.d4 Nd2 47.Rxb4 Kg6 48.Kg3 Kf5 49.
    Kh4 Nf3+ 50.Kxh5 Ke4 )
24...Nh5 25.gxh5 Bxe5 26.Qf3 Rb6 27.Bg5 Nd4 28.Nxd4 Bxd4+ 29.Kh1 Qe5 $10 
30.hxg6 Rxg6 31.Bf4 Qg7 32.Qb7 Rd8 33.Be4 f5 34.Qc7 Ra8 $4 {+5.8} 
    ( {[Houdini 1.03a w32 2_CPU] 22:-0.26} 34...Rd7 35.Qb8 Qf8 36.Bf3 Bf7 
    37.Rbe1 Qxb8 38.Bxb8 Kf8 39.Bf4 e6 40.h4 Rg8 41.Bh6+ Ke7 42.Bg5+ Bf6 
    43.Rg1 Bxg5 44.hxg5 Ra7 45.Kh2 Ra2 46.Re2 Kd6 47.Kh3 e5 )
    ( {[Stockfish 1.9.1 JA] 23:-0.68} 34...Rd7 35.Qc8 Qf7 36.Bg2 e6 37.
    Rbe1 Qe7 38.Be5 Rd8 39.Qb7 Qxb7 40.Bxb7 Bd7 41.Bxd4 cxd4 42.Rf4 Bc8 
    43.Bf3 Rg7 44.Rh4 Kf7 45.Kh2 Kf6 46.Bc6 e5 47.Rh6+ )
35.Bxa8 Qh7 36.Bd5+ Kf8 37.Bg2 Rxg2 38.Kxg2 Qg6+ 39.Kh2 Bc6 40.Qc8+ Kf7 
41.Bg3 1-0

[Event "Reg1-Auch vs E. Toulousain"]
[Site "?"]
[Date "2010.12.13"]
[Round "3"]
[White "Blond, Jérôme"]
[Black "Boutillon, Jean-François"]
[Result "1-0"]
[WhiteElo "1420"]
[BlackElo "1630"]
[Annotator ""]
[Source ""]
[Remark ""]

1.f4 d5 2.Nf3 Nc6 3.g3 Bf5 4.a3 e6 5.Bg2 Nf6 6.Nc3 d4 7.Nb1 Bc5 8.d3 O-O 
9.Nh4 Re8 10.Bxc6 bxc6 11.O-O Bh3 12.Rf2 Ng4 13.Rf3 Ne3 14.Bxe3 dxe3 15.c4
e5 16.fxe5 Rxe5 17.Qc2 Bd4 18.Nc3 Re6 19.Ne4 h6 20.Rb1 a5 21.Nf5 c5 22.Nc3
c6 23.Nd1 Qg5 24.Nh4 f5 25.Ng2 Bg4 26.Rf1 Rf8 27.Nf4 Ref6 28.Qb3 
    ( 28.h4 )
28...h5 29.Qb7 R8f7 30.Qa8+ Kh7 31.Qxa5 h4 32.Kg2 hxg3 33.hxg3 Bxe2 34.
Nxe2 f4 35.Rf3 fxg3 36.Rxg3 Rf2+ 37.Nxf2 Rxf2+ 38.Kg1 Qh6 39.Rg2 Rxg2+ 40.
Kxg2 Qg5+ 41.Ng3 Qg4 42.Rh1+ Kg8 43.Qd8+ Kf7 44.Qc7+ Kg8 45.Qd8+ Kf7 46.
Rf1+ Ke6 47.Qg8+ Ke7 48.Rf8 Be5 49.Qf7+ Kd6 50.Rd8+ 1-0

[Event "Reg1-Auch vs E. Toulousain"]
[Site "?"]
[Date "2010.12.13"]
[Round "3"]
[White "Boutillon, Nathanaël"]
[Black "Bougouin, Blaise"]
[Result "1-0"]
[WhiteElo "1638"]
[BlackElo "1650"]
[Annotator ""]
[Source ""]
[Remark ""]

1.e4 Nc6 2.d4 e6 3.Nf3 Be7 4.Bf4 Nf6 5.Nc3 a6 6.Bc4 b5 7.Bb3 Na5 8.e5 Nxb3
9.exf6 Bxf6 10.axb3 d6 11.O-O Bb7 12.Be3 O-O 13.Re1 c6 14.Ne4 Be7 15.Bg5 
h6 16.Bxe7 Qxe7 17.b4 f5 18.Ng3 Qf7 19.Qd2 Rae8 20.Rad1 g5 21.h3 g4 22.
hxg4 fxg4 23.Nh2 h5 24.Qe3 Qg6 25.Ne4 Rd8 26.Qg5 Kg7 27.Qe7+ Qf7 28.Qxf7+ 
Rxf7 29.Ng5 Kg6 30.Nxf7 Kxf7 31.f3 g3 32.Nf1 h4 33.Re4 Rh8 34.Rde1 Bc8 35.
Nxg3 hxg3 36.Rf4+ Ke7 37.Rg4 Kf6 38.Rxg3 Bd7 39.Rh3 Rxh3 40.gxh3 Kg5 41.
Kg2 d5 42.Kg3 Kf6 43.Kg4 e5+ 44.Kh5 exd4 45.h4 Bf5 46.Re2 d3 47.cxd3 Bxd3 
48.Re3 Bf5 49.Rc3 Bd7 50.Kh6 Be8 51.h5 Bd7 52.Kh7 Kf7 53.h6 Bf5+ 54.Kh8 
Bd7 55.Rc1 Kf8 56.h7 Be8 57.Ra1 d4 58.Rd1 Bh5 59.Rxd4 Kf7 60.Rf4+ Ke6 61.
Kg7 Ke5 62.h8=Q Kxf4 63.Qxh5 1-0

[Event "Coupe de France"]
[Site "Créon"]
[Date "2011.01.09"]
[Round "3"]
[White "Ramahef, Eric"]
[Black "Rives, Sylvain"]
[Result "1-0"]
[WhiteElo "2087"]
[BlackElo "1601"]

1.e4 e5 2.Nf3 Nc6 3.Bb5 Nf6 4.O-O d6 5.Re1 Bd7 6.c3 a6 7.Ba4 b5 8.Bc2 Be7 
9.d4 exd4 10.cxd4 O-O 11.h3 Nb4 12.Bb3 d5 13.e5 Ne4 14.a3 Nc6 15.Bxd5 Ng5 
16.Bxg5 Bxg5 17.Qc2 Nxd4 18.Nxd4 Bxh3 19.Qe4 Bd7 20.Bxa8 Qxa8 21.Qxa8 Rxa8
22.Nc3 c5 23.Nf3 Bd8 24.Ne4 Be7 25.Rad1 Bc6 26.Nd6 1-0

[Event "Coupe de France"]
[Site "Créon"]
[Date "2011.01.09"]
[Round "3"]
[White "Chansavang, Albain"]
[Black "Roques, Olivier"]
[Result "0-1"]
[WhiteElo "1734"]
[BlackElo "1884"]

1.g3 d5 2.d4 Nf6 3.Bg2 c6 4.Nf3 Nbd7 5.O-O e6 6.c3 Be7 7.Nbd2 O-O 8.Re1 b5
9.e4 Nb6 10.e5 Nfd7 11.Rf1 b4 12.Ne1 Ba6 13.c4 Nxc4 14.Nxc4 Bxc4 15.Nd3 
Qb6 16.b3 Qxd4 17.bxc4 Qxa1 18.cxd5 cxd5 19.Qa4 Nb6 20.Qb3 Qc3 21.Rd1 Qxb3
22.axb3 Rac8 23.Bd2 a5 24.Ra1 Ra8 25.Be3 Nd7 26.Bf1 Rfc8 27.Bd2 Nc5 0-1

[Event "Coupe de France"]
[Site "Créon"]
[Date "2011.01.09"]
[Round "3"]
[White "Bert, Jérome"]
[Black "Grezels, Florian"]
[Result "1-0"]
[WhiteElo "2080"]
[BlackElo "1855"]

1.e4 d6 2.f4 e5 3.Nf3 Nd7 4.d4 exd4 5.Qxd4 Ngf6 6.Nc3 c6 7.h3 Qb6 8.Be3 
Qxd4 9.Bxd4 Nh5 10.Ne2 Nhf6 11.Ng3 Nc5 12.Bxc5 dxc5 13.O-O-O Be7 14.a4 O-O
15.Bc4 h6 16.e5 Ne8 17.Ne4 Bf5 18.Rhe1 Nc7 19.Nd6 Be6 20.Bxe6 Nxe6 21.f5 
Nf4 22.Nxb7 Nxg2 23.Rg1 Ne3 24.f6 Nxd1 25.fxe7 Rfe8 26.Rxd1 Rxe7 27.Nxc5 
f6 28.e6 g5 29.Rd6 f5 30.Nd4 Rf8 31.Nxc6 Ree8 32.e7 Rf7 33.Rd8 1-0

[Event "Coupe de France"]
[Site "Créon"]
[Date "2011.01.09"]
[Round "3"]
[White "Lacroix, Romain"]
[Black "Marimon, Frédéric"]
[Result "1-0"]
[WhiteElo "2230"]
[BlackElo "1626"]

1.e4 e6 2.d4 d5 3.Nd2 Nf6 4.e5 Nfd7 5.Bd3 c5 6.c3 Nc6 7.Ne2 Qb6 8.Nf3 f6 
9.exf6 gxf6 10.Nf4 e5 11.Nxd5 Qd8 12.Nxe5 Ndxe5 13.dxe5 Qxd5 14.Bg6+ 1-0

[Event "R1-2011-Loures 3 / Auch 2"]
[Site "?"]
[Date "2011.01.16"]
[Round "4.5"]
[White "Guille Photin, Christian"]
[Black "Avril, Damien"]
[Result "1-0"]
[WhiteElo "1450"]
[BlackElo "1140"]
[Annotator ""]
[Source ""]
[Remark ""]

1.e4 e5 2.Nf3 Nc6 3.Bb5 Nf6 4.O-O Nd4 5.Nxd4 exd4 6.c3 dxc3 7.bxc3 c6 8.
Ba4 Bd6 9.d4 Qe7 10.e5 Bxe5 11.dxe5 Qxe5 12.Re1 Ne4 13.f3 O-O 14.Rxe4 Qc5+
15.Qd4 Qh5 16.Rg4 f6 17.Bc2 d5 18.Rh4 Qe8 19.Bxh7+ Kh8 20.Bg6+ Kg8 21.Bxe8
Rxe8 22.Ba3 Bf5 23.Nd2 Re6 24.c4 dxc4 25.Qxc4 Re8 26.Re1 Kf7 27.Rxe6 Bxe6 
28.Qc5 Bxa2 29.Qxa7 Re7 30.Bxe7 Kxe7 31.Qxa2 b5 32.Re4+ Kd6 33.Qe6+ Kc5 
34.Nb3+ Kb6 35.Qe7 f5 36.Re6 b4 37.Qxb4+ Kc7 38.Qd6+ Kb6 39.Qxc6+ Ka7 40.
Re7+ Kb8 41.Qb7# 1-0

[Event "R1-2011-Loures 3 / Auch 2"]
[Site "?"]
[Date "2011.01.16"]
[Round "4.4"]
[White "Fouilloux, Jean Marc"]
[Black "Vancour, Ralph Eric"]
[Result "0-1"]
[WhiteElo "1380"]
[BlackElo "1420"]
[Annotator ""]
[Source ""]
[Remark ""]

1.d4 d5 2.e4 dxe4 3.Nc3 Nf6 4.f3 exf3 5.Nxf3 h6 6.Bc4 e6 7.Ne5 Qe7 8.O-O 
Nc6 9.Bf4 Nxe5 10.Bxe5 c6 11.Qf3 Nd7 12.Rae1 Nxe5 13.Rxe5 f6 14.Rxe6 Bxe6 
15.Re1 O-O-O 16.Bxe6+ Kb8 17.Qf4+ Qd6 18.Qe3 Qxd4 19.Qxd4 Rxd4 20.Ne2 Re4 
0-1

[Event "R1-2011-Loures 3 / Auch 2"]
[Site "?"]
[Date "2011.01.16"]
[Round "4.3"]
[White "Guille-Photin, Virgile"]
[Black "Blond, Jerome"]
[Result "0-1"]
[WhiteElo "1620"]
[BlackElo "1520"]
[Annotator ""]
[Source ""]
[Remark ""]

1.e4 e5 2.Nf3 Nc6 3.Bc4 h6 4.c3 Bc5 5.d3 d6 6.O-O a6 7.Be3 Bxe3 8.fxe3 Nf6
9.Nbd2 O-O 10.h3 d5 11.exd5 Nxd5 12.e4 Ne3 13.Qe2 Nxf1 14.Rxf1 Qd6 15.Qf2 
Be6 16.Rd1 b5 17.Bxe6 Qxe6 18.Nb3 Rad8 19.Nc5 Qxa2 20.Qe3 Qxb2 21.Nxa6 Ra8
22.Nxc7 Ra1 23.Rxa1 Qxa1+ 24.Kh2 Qxc3 25.Nxb5 Qb4 26.Nc7 Qd6 27.Nd5 f5 28.
Nh4 f4 29.Qb6 Qd8 30.Qxc6 Qxh4 31.Qe6+ Kh8 32.Qxe5 Qg3+ 33.Kg1 Rc8 34.Qb2 
Qxd3 35.Nxf4 Qe3+ 36.Qf2 Rc1+ 0-1

[Event "R1-2011-Loures 3 / Auch 2"]
[Site "?"]
[Date "2011.01.16"]
[Round "4.2"]
[White "Bouguoin, Blaise"]
[Black "Luneau, Gilles"]
[Result "1-0"]
[WhiteElo "1590"]
[BlackElo "1787"]
[Annotator ""]
[Source ""]
[Remark ""]

1.Nf3 b5 2.d4 Bb7 3.Nc3 a6 4.a3 e6 5.Bf4 Nf6 6.e3 c5 7.Be2 d5 8.O-O Nc6 9.
Ne5 cxd4 10.exd4 Qb6 11.Be3 Qc7 12.f4 Nd7 13.Bh5 g6 14.Bg4 f5 15.Bf3 Nf6 
16.g4 Nxe5 17.fxe5 Ne4 18.Nxe4 dxe4 19.Be2 Rd8 20.c3 Bg7 21.Bg5 Rd7 22.Qb3
Bd5 23.Qd1 O-O 24.Qc1 Rff7 25.h4 Qa7 26.Be3 Rc7 27.Qd2 Rcd7 28.Bf4 Bc4 29.
Kh2 Qc7 30.Qe3 Qc6 31.g5 a5 32.Rac1 Qb6 33.Bxc4 bxc4 34.Qe2 Qb3 35.Qc2 Rb7
36.Rf2 a4 37.Qxb3 Rxb3 38.Rd1 Rfb7 39.Rdd2 Bf8 40.Rc2 Be7 41.Rfe2 h6 42.
Kg3 hxg5 43.hxg5 Bd8 44.Rh2 Bb6 45.Be3 Rd7 46.Kf4 Bd8 47.Rh6 Kg7 48.Rch2 
Rbb7 49.Rh7+ Kf8 50.Rh8+ 1-0

[Event "R1-2011-Loures 3 / Auch 2"]
[Site "?"]
[Date "2011.01.16"]
[Round "4.1"]
[White "Condeminas, Christian"]
[Black "Solirene, Christophe"]
[Result "1/2-1/2"]
[WhiteElo "1771"]
[BlackElo "1650"]
[Annotator ""]
[Source ""]
[Remark ""]

1.e4 c6 2.d4 d5 3.exd5 cxd5 4.c4 e6 5.c5 Nc6 6.Nf3 e5 7.Bb5 exd4 8.Qxd4 
Nf6 9.O-O Be7 10.Nc3 O-O 11.Bxc6 bxc6 12.Ne5 Bb7 13.Be3 Nd7 14.Nd3 Ba6 15.
Rfd1 Bf6 16.Qa4 Bxd3 17.Rxd3 Ne5 18.Rdd1 Qc8 19.Bd4 Nc4 20.Qc2 Bxd4 21.
Rxd4 Qe6 22.b3 Ne5 23.Ne2 Ng6 24.Rd3 Qf6 25.Re1 Rfe8 26.Qd2 Re5 27.Nd4 
Rae8 28.Rxe5 Nxe5 29.Re3 Qd8 30.Qe1 Kf8 31.Rxe5 1/2-1/2